| 000 | 00721nam a2200193 a 4500 | ||
|---|---|---|---|
| 001 | 000020464 | ||
| 005 | 20200930011121.0 | ||
| 008 | 110224s2015 sp a r 000 0 spa d | ||
| 040 |
_aDO-SdBNP _bspa _cBNPHU |
||
| 082 |
_axxxx _bxxxx |
||
| 100 | 1 |
_aEspinosa, Ricky N. _943144 |
|
| 245 | 1 | 0 |
_aColecciones dinámicas : _buna guía práctica para la mudanza de bibliotecas y maximización de los espacios / _cRicky N. Espinosa ; prólogo Irma Quiñones Maurás. |
| 260 |
_aAsturias, España : _bTrea, _c2015. |
||
| 300 |
_a126 P. : _bil. ; _c24 cm. |
||
| 500 | _aIncluye datos biografícos del autor. | ||
| 590 | _aInventariado, 2018/ YL | ||
| 504 | _aBibliografía p: 127 | ||
| 700 | 1 | 2 |
_aQuiñones Maurás, Irma, _eprol. _943145 |
| 999 |
_c19968 _d19968 |
||